| 000 -LEADER |
| fixed length control field |
01156nam a22002177a 4500 |
| 005 - DATE AND TIME OF LATEST TRANSACTION |
| control field |
20260127144627.0 |
| 008 - FIXED-LENGTH DATA ELEMENTS--GENERAL INFORMATION |
| fixed length control field |
230714b ||||| |||| 00| 0 eng d |
| 040 ## - CATALOGING SOURCE |
| Transcribing agency |
SSBUL |
| Modifying agency |
SSBUL |
| 082 ## - DEWEY DECIMAL CLASSIFICATION NUMBER |
| Edition number |
23 |
| Classification number |
၉၅၉.၁၁၁ ဟင် ၁၆၀၀၉ (S-SAT) |
| 100 ## - MAIN ENTRY--PERSONAL NAME |
| Personal name |
ဟင်္သာ။ |
| 9 (RLIN) |
28035 |
| 245 ## - TITLE STATEMENT |
| Title |
သွေးချင်းတို့ ဌာနေကချင်မြေ / |
| 260 ## - PUBLICATION, DISTRIBUTION, ETC. |
| Place of publication, distribution, etc. |
ရန်ကုန်၊ |
| Name of publisher, distributor, etc. |
စာပေဗိမာန်၊ |
| Date of publication, distribution, etc. |
၁၉၉၃။ |
| 300 ## - PHYSICAL DESCRIPTION |
| Extent |
၂၇၁ စာမျက်နှာ၊ |
| Dimensions |
၁၈ စင်တီ။ |
| 440 ## - SERIES STATEMENT/ADDED ENTRY--TITLE |
| Title |
စာပေဗိမာန်ထုတ် ပြည်သူ့လက်စွဲစာစဉ်။ |
| 9 (RLIN) |
27865 |
| 500 ## - GENERAL NOTE |
| General note |
၁၉၈၉ ခုနှစ်စာပေဗိမာန်စာမူဆုစာပဒေသာ တတိယဆုရ။ |
|
| General note |
S-SAT: Dr. Prof Sai Aung Tun |
| 504 ## - BIBLIOGRAPHY, ETC. NOTE |
| Linkage |
ကျမ်းကိုးစာရင်းပါရှိသည်။ |
| 651 ## - SUBJECT ADDED ENTRY--GEOGRAPHIC NAME |
| Geographic name |
ကချင်ပြည်နယ်။ |
| 9 (RLIN) |
27940 |
|
| Geographic name |
မြန်မာနိုင်ငံ |
| Relator term |
ကချင်ပြည်နယ်။ |
| 9 (RLIN) |
24374 |
| 942 ## - ADDED ENTRY ELEMENTS (KOHA) |
| Source of classification or shelving scheme |
|
| Koha item type |
Book (Short term) |